[Event "Tanta op"]
[Site "Tanta"]
[Date "1997.??.??"]
[Round "3"]
[White "Saud, Mohamed"]
[Black "Yasseen, Aly"]
[Result "0-1"]
[WhiteElo "2190"]
[BlackElo "2370"]

1.d4 d5 2.c4 c6 3.Nf3 e6 4.e3 Nf6 5.Nc3 Nbd7 6.Bd3 dxc4 7.Bxc4 b5 8.Bd3 Bb7
9.O-O a6 10.e4 c5 11.d5 Qc7 12.dxe6 fxe6 13.Ng5 Qc6 14.f3 c4 15.Bc2 Bc5+
16.Kh1 h6 17.e5 hxg5 18.Bg6+ Ke7 19.exf6+ gxf6 20.h3 Qc7 21.Qe2 Qg3 22.Bf5 Bd6
23.Qxe6+ Kf8 24.Qxd6+ Qxd6 25.Rd1 Qg3 26.Bxd7 Bxf3 27.gxf3 Rd8 28.Bg4 Rxh3+
29.Bxh3 Qxh3+ 30.Kg1 Qg3+ 31.Kf1 Qxf3+ 32.Kg1 Rxd1+ 33.Nxd1 Qxd1+  0-1

[Event "Tanta op"]
[Site "Tanta"]
[Date "1997.??.??"]
[Round "6"]
[White "Neverov, Valeriy"]
[Black "Ahmed, Ehab"]
[Result "1/2-1/2"]
[WhiteElo "2530"]
[BlackElo "2235"]

1.d4 d5 2.c4 c6 3.Nc3 Nf6 4.e3 e6 5.Nf3 Nbd7 6.Qc2 Bd6 7.b3 O-O 8.Be2 Re8
9.O-O Qe7 10.Rd1 b6 11.Bb2 Bb7 12.Rac1 Rac8 13.Qb1 h6 14.h3 Bb8 15.e4 dxe4
16.Nxe4 Bf4 17.Nxf6+ Nxf6 18.Rc2 c5 19.dxc5 Be4 20.cxb6 Bxc2 21.Qxc2 axb6
22.Nd4 Red8  1/2-1/2

[Event "Tanta op"]
[Site "Tanta"]
[Date "1997.??.??"]
[Round "9"]
[White "Mohamed, Esam Ahmed Nagib"]
[Black "Himdan, Maher"]
[Result "1-0"]
[WhiteElo "2340"]
[BlackElo "2350"]

1.d4 Nf6 2.c4 e6 3.Nc3 d5 4.Nf3 c6 5.e3 Nbd7 6.Qc2 a6 7.Bd2 b5 8.cxb5 cxb5
9.Bxb5 Bd6 10.Be2 Bb7 11.O-O Rc8 12.Qb3 Qb6 13.Rfc1 O-O 14.Na4 Qxb3 15.axb3 Ne4
16.Be1 Nb8 17.b4 Rxc1 18.Rxc1 Rc8 19.Nc5 Rc6 20.Ra1 Bc8 21.Bd3 Nf6 22.Bc3 Rb6
23.Nd2 Ne8 24.b5 axb5 25.Ba5 Bxc5 26.Rc1 Bd7 27.dxc5 Ra6 28.Nb3 e5 29.Be2 Ra8
30.Bc3 f6 31.Na5 Nc7 32.c6 Be8 33.Bb4 Kf7 34.Bd6 Nba6 35.f4 Ke6 36.fxe5 fxe5
37.Nb7 Bg6 38.Ra1 d4 39.exd4 exd4 40.Bf3 Kf6 41.Rf1 Be8 42.Bd5+ Kg5 43.Bf4+ Kg4
44.h3+ Kh4 45.Bf3 Ne6 46.g3+  1-0

[Event "Czerniak mem Bikurei Haitim"]
[Site "Tel Aviv"]
[Date "1997.??.??"]
[Round "9"]
[White "Avrukh, Boris"]
[Black "Tyomkin, Dimitri"]
[Result "1-0"]
[WhiteElo "2520"]
[BlackElo "2450"]

1.d4 d5 2.c4 c6 3.Nc3 Nf6 4.e3 e6 5.Nf3 Nbd7 6.Qc2 Bd6 7.Bd2 O-O 8.O-O-O b5
9.cxb5 c5 10.e4 Bb7 11.exd5 Nxd5 12.Nxd5 Bxd5 13.Ng5 g6 14.Bc4 Nb6 15.Bxd5 Nxd5
16.dxc5 Bxc5 17.Kb1 Be7 18.h4 a6 19.Nxh7 Kxh7 20.h5 Kg8 21.hxg6 f5 22.g7 Re8
23.g4 Rc8 24.Qb3 fxg4 25.Qd3 Kf7 26.Qh7 Rg8 27.Qh5+  1-0

[Event "Czerniak mem Bikurei Haitim"]
[Site "Tel Aviv"]
[Date "1997.??.??"]
[Round "11"]
[White "Kanstler, Boris"]
[Black "Tyomkin, Dimitri"]
[Result "1-0"]
[WhiteElo "2495"]
[BlackElo "2450"]

1.d4 d5 2.c4 c6 3.Nf3 Nf6 4.Nc3 e6 5.e3 Nbd7 6.Qc2 Bd6 7.Be2 O-O 8.O-O dxc4
9.Bxc4 e5 10.Bd2 Qe7 11.Rae1 Bc7 12.Bb3 h6 13.Nh4 Rd8 14.f4 exd4 15.exd4 Qf8
16.Ng6  1-0

[Event "Nordic Grand Prix"]
[Site "Torshavn"]
[Date "1997.??.??"]
[Round "1"]
[White "Hoi, Carsten"]
[Black "Hansen, Herluf"]
[Result "1-0"]
[WhiteElo "2425"]
[BlackElo "2025"]

1.d4 d5 2.Nf3 c6 3.c4 e6 4.e3 Nf6 5.Nc3 Nbd7 6.Bd3 Bd6 7.O-O O-O 8.e4 dxe4
9.Nxe4 Nxe4 10.Bxe4 h6 11.Re1 c5 12.Bc2 Nf6 13.Qd3 cxd4 14.Qxd4 Bb4 15.Rd1 Qxd4
16.Nxd4 e5 17.Nf5 Bc5 18.Bd2 Ng4 19.Be1 g6 20.Ng3 Bd4 21.Rab1 Be6 22.h3 Nf6
23.b3 Rac8 24.Bb4 Rfe8 25.Ne2 Bb6 26.Nc3 a6 27.Ne4 Nxe4 28.Bxe4 Bd4 29.Bd2 Rc7
30.Bxh6 b5 31.cxb5 axb5 32.Rbc1 Ra7 33.Rd2 f5 34.Bb1 Rd7 35.Kf1 Bd5 36.Rcd1 Rc7
37.Be3 Bxe3 38.fxe3 Bb7 39.Bd3 Rc5 40.b4 Rd5 41.Be2 Rxd2 42.Rxd2 Rb8 43.Bxb5 Kg7
44.a4 Be4 45.Rb2 g5 46.Be2 f4 47.exf4 gxf4 48.a5 Ba8 49.b5 e4 50.b6 f3 51.gxf3 exf3
52.Bd3  1-0

[Event "Nordic Grand Prix"]
[Site "Torshavn"]
[Date "1997.??.??"]
[Round "6"]
[White "Gretarsson, Helgi Ass"]
[Black "Thomsen, Torbjorn"]
[Result "1-0"]
[WhiteElo "2470"]
[BlackElo "2170"]

1.d4 d5 2.Nf3 Nf6 3.c4 e6 4.Nc3 c6 5.e3 Nbd7 6.Qc2 Bd6 7.Be2 O-O 8.O-O h6
9.e4 dxe4 10.Nxe4 Nxe4 11.Qxe4 Nf6 12.Qc2 Re8 13.b3 e5 14.dxe5 Bxe5 15.Nxe5 Rxe5
16.Bd3 c5 17.Rd1 Qb6 18.Bf4 Re8 19.Qc3 Bg4 20.f3 Bh5 21.g4 Bg6 22.Bxg6 fxg6
23.Rd6 Qb4 24.Qc1 Qa5 25.Bxh6 Rad8 26.Bd2 Qc7 27.Rxd8 Qxd8 28.Qc3 Qd6 29.Re1 Rf8
30.Bg5 b6 31.Kg2 Qd7 32.Re5 Qd1 33.h3 Rd8 34.Re7 Rd3 35.Rxg7+ Kxg7 36.Qxf6+ Kg8
37.Qe6+  1-0

[Event "Nordic Grand Prix"]
[Site "Torshavn"]
[Date "1997.??.??"]
[Round "6"]
[White "Hansen, Curt"]
[Black "Pedersen, Steffen"]
[Result "1-0"]
[WhiteElo "2605"]
[BlackElo "2420"]

1.d4 d5 2.c4 e6 3.Nc3 c6 4.e3 Nf6 5.Nf3 Nbd7 6.Bd3 Bd6 7.O-O O-O 8.e4 dxc4
9.Bxc4 e5 10.h3 b5 11.Bb3 b4 12.Na4 Qc7 13.dxe5 Nxe5 14.Nxe5 Bxe5 15.f4 Rd8
16.Qf3 Bd4+ 17.Be3 c5 18.Rac1 Nxe4 19.Bxd4 Rxd4 20.Nxc5 Bb7 21.Qe3 Nxc5 22.Qxd4 Qc6
23.Qf2  1-0

[Event "Nordic Grand Prix"]
[Site "Torshavn"]
[Date "1997.??.??"]
[Round "7"]
[White "Schandorff, Lars"]
[Black "Hansen, Curt"]
[Result "1/2-1/2"]
[WhiteElo "2510"]
[BlackElo "2605"]

1.d4 d5 2.c4 e6 3.Nc3 c6 4.Nf3 Nf6 5.e3 Nbd7 6.Bd3 dxc4 7.Bxc4 b5 8.Bd3 Bb7
9.O-O a6 10.e4 c5 11.d5 c4 12.dxe6 fxe6 13.Bc2 Qc7 14.Nd4 Nc5 15.Be3 O-O-O
16.Qe2 e5 17.Nf3 Bd6 18.Rad1 Rhe8 19.a4 b4 20.Nd5 Nxd5 21.exd5 e4 22.Ng5 h6
23.Qg4+ Qd7 24.Qxd7+ Rxd7 25.Bxc5 hxg5 26.Bxd6 Rxd6 27.Rd4 Bxd5 28.Rfd1 b3
29.Bxb3 cxb3 30.Rxd5 Rxd5 31.Rxd5 Rd8 32.Rxd8+ Kxd8 33.Kf1 Kc7 34.Ke2 Kb6
35.Kd2 Ka5 36.Kc3 Kxa4 37.Kc4 g4 38.Kc5 Ka5 39.Kc4  1/2-1/2

[Event "Nordic Grand Prix"]
[Site "Torshavn"]
[Date "1997.??.??"]
[Round "9"]
[White "Sokolov, Ivan"]
[Black "Thorhallsson, Throstur"]
[Result "1-0"]
[WhiteElo "2615"]
[BlackElo "2500"]

1.d4 d5 2.c4 c6 3.Nc3 Nf6 4.e3 e6 5.Nf3 Nbd7 6.Qc2 Bd6 7.Bd3 O-O 8.O-O dxc4
9.Bxc4 b5 10.Be2 Bb7 11.Rd1 Qc7 12.h3 a6 13.Bd2 c5 14.dxc5 Nxc5 15.Bxb5 Bxf3
16.gxf3 axb5 17.Nxb5 Bh2+ 18.Kg2 Qb6 19.a4 Nxa4 20.Rxa4 Qxb5 21.Rxa8 Rxa8
22.Kxh2 Qe2 23.Kg2 Rd8 24.Rc1 Nd5 25.e4 Nf6 26.Ba5 Qxc2 27.Rxc2 Rb8 28.b4 Kf8
29.Rc4 Ke7 30.f4 Nd7 31.Rc7 Rb5 32.Ra7 f6 33.f3 Kd6 34.Kf2 Rh5 35.Bd8 Kc6
36.Ra6+ Kb7 37.Rxe6 Rxh3 38.Re7 Kc8 39.Ba5 g6 40.e5 fxe5 41.fxe5 Rh2+ 42.Ke3 Rh1
43.f4 h5 44.Rg7 Rg1 45.Kf2 Rg4 46.Rf7 g5 47.e6  1-0

[Event "Toscolano op"]
[Site "Toscolano"]
[Date "1997.??.??"]
[Round "?"]
[White "De Santis, Alessio"]
[Black "Sulava, Nenad"]
[Result "0-1"]
[WhiteElo "2255"]
[BlackElo "2380"]

1.d4 Nf6 2.Nf3 d5 3.e3 c6 4.c4 e6 5.Nc3 Nbd7 6.b3 Bb4 7.Bd2 O-O 8.Be2 dxc4
9.bxc4 c5 10.O-O cxd4 11.exd4 b6 12.Qb3 Bxc3 13.Bxc3 Bb7 14.Rad1 Qc7 15.Bb2 Rfe8
16.Rfe1 Rac8 17.Nd2 Nf8 18.Qg3 Ng6 19.Qxc7 Rxc7 20.Bf1 Rec8 21.a4 Ne7 22.f3 Nf5
23.a5 Ne8 24.axb6 axb6 25.Bd3 Nfd6 26.Ra1 Rd8 27.Ra4 Rcd7 28.Rb4 Nc8 29.Bc2 Bc6
30.Be4 Bb7 31.Bxb7 Rxb7 32.Ra1 Rbd7 33.Ne4 Nc7 34.Kf2 h6 35.Ng3 f6 36.Nf1 Kf7
37.Ne3 Rd6 38.Ke2 R8d7 39.Bc3 Ne7 40.Kf2 Nc8 41.g4 Ne7 42.Rab1 Nc8 43.Ra1 Ne8
44.Bb2 Rc6 45.h4 Ned6 46.h5 Rdc7 47.d5 exd5 48.cxd5 Rc5 49.Bd4 Rb5 50.Rab1 Rxb4
51.Rxb4 b5 52.Ke2 Rc1 53.Kd2 Rh1 54.Bc5 Ke8 55.Kd3 Rh3 56.Rf4 Kd7 57.Kc3 Rh1
58.Nf5 Nxf5 59.Rxf5 Nd6 60.Rf4 Rc1+ 61.Kb4 Rb1+ 62.Ka5 Ra1+ 63.Kb6 Ra4 64.Rb4 Ra3
65.Rf4 Rd3 66.Bxd6 Kxd6 67.Kxb5 Kxd5 68.Rf5+ Kd4 69.Kc6 Ke3 70.Kc7 Rd4 71.g5 fxg5
72.Rf7 Rh4 73.Rxg7 Kxf3  0-1

[Event "Tunis op"]
[Site "Tunis"]
[Date "1997.??.??"]
[Round "4"]
[White "Mohamed, Esam Ahmed Nagib"]
[Black "Antunes, Antonio"]
[Result "1/2-1/2"]
[WhiteElo "2460"]
[BlackElo "2490"]

1.d4 d5 2.c4 c6 3.e3 Nf6 4.Nc3 e6 5.Nf3 Nbd7 6.Qc2 Bd6 7.Be2 O-O 8.O-O Re8
9.Rd1 Qe7 10.h3 h6 11.a3 a5 12.e4 Nxe4 13.Nxe4 dxe4 14.Qxe4 e5 15.Be3 exd4
16.Qxe7 Bxe7 17.Nxd4 Nc5 18.Bf3 Bf6 19.b4 axb4 20.axb4 Rxa1 21.Rxa1 Ne6 22.Rd1 Bxd4
23.Bxd4 Ng5 24.Bh5 g6 25.h4 gxh5 26.hxg5 hxg5 27.Bf6 Be6 28.c5 Bd5 29.Bxg5 Re4
30.Be3 Rg4 31.f3 Bxf3 32.Rd2 Be4 33.Kh2 Kh7 34.g3 Bd5 35.Bf4 Rg8 36.b5 Ra8
37.b6 Be6 38.Kg2 Kg6 39.Re2 Ra4 40.Bd6 Rb4 41.Re5 Rb2+ 42.Kf3 Bg4+ 43.Ke3 Rb3+
44.Kd4 Be6 45.Re1 Ra3 46.Re3 Ra4+ 47.Ke5 Kg5 48.Be7+ Kg4 49.Bh4 f5 50.Kd6 Bc4
51.Re7 Ba6 52.Rg7+ Kh3 53.Bf6 Rg4 54.Rh7 Kxg3 55.Rxh5 f4 56.Be5 Rg6+ 57.Kc7 Kg4
58.Rh1 f3 59.Bd4 Re6 60.Ra1 Re7+ 61.Kd6 Re4  1/2-1/2

[Event "Tunis op"]
[Site "Tunis"]
[Date "1997.??.??"]
[Round "7"]
[White "Bischoff, Klaus"]
[Black "Antunes, Antonio"]
[Result "1-0"]
[WhiteElo "2535"]
[BlackElo "2490"]

1.Nf3 d5 2.c4 c6 3.e3 Nf6 4.Nc3 e6 5.d4 Nbd7 6.Qc2 Bd6 7.Be2 O-O 8.b3 a6
9.Bb2 e5 10.O-O-O exd4 11.Rxd4 Qe7 12.cxd5 cxd5 13.Kb1 Nb6 14.Rc1 Bg4 15.Rdd1 Rac8
16.Nd4 Be6 17.Bf3 Ba3 18.Bxa3 Qxa3 19.Qb2 Qe7 20.h3 Rfd8 21.Nce2 Nbd7 22.Rxc8 Rxc8
23.Rc1 Rxc1+ 24.Qxc1 Ne5 25.Ng3 Nxf3 26.Nxf3 h6 27.Nd4 Qd6 28.Nge2 Bd7 29.f3 Qh2
30.Qg1 Qe5 31.Qf2 Bf5+ 32.Kb2 Bd7 33.Nf4 Bb5 34.h4 Kh8 35.a4 Bd7 36.Qd2 Kg8
37.Qf2 Kh8 38.Nd3 Qe7 39.Qe1 Kg8 40.Nf4 Qe5 41.Qd2 b6 42.Kc1 a5 43.g4 Kf8
44.Qc3 Kg8 45.Nde2 Qd6 46.Kb2 g5 47.hxg5 hxg5 48.Nd3 b5 49.axb5 Bxb5 50.Nd4 Bxd3
51.Qxd3 Nd7 52.Qc3 Qh2+ 53.Ka3 Qd6+ 54.Ka4 Qb6 55.Nf5 Nc5+ 56.Ka3 Ne6 57.Qd2 Qc5+
58.Kb2 a4 59.bxa4 Qb6+ 60.Kc1 Qc5+ 61.Qc2 Qa3+ 62.Kd2 d4 63.Nxd4 Nxd4 64.exd4 Qxf3
65.Qf5 Qg2+ 66.Ke3 Qg1+ 67.Ke4 Qe1+ 68.Kd3 Qd1+ 69.Kc3 Qxa4 70.Qxg5+ Kh7
71.Qf5+ Kg7 72.Qg5+ Kh7 73.Qd5 Qa1+  1-0

[Event "Ubeda op"]
[Site "Ubeda"]
[Date "1997.??.??"]
[Round "2"]
[White "Pogorelov, Ruslan"]
[Black "Korneev, Oleg"]
[Result "0-1"]
[WhiteElo "2465"]
[BlackElo "2590"]

1.Nf3 d5 2.d4 Nf6 3.c4 e6 4.Nc3 c6 5.e3 Nbd7 6.Qc2 Bd6 7.Bd3 O-O 8.O-O dxc4
9.Bxc4 Qe7 10.Bb3 c5 11.dxc5 Nxc5 12.e4 Nxb3 13.axb3 Ng4 14.h3 Ne5 15.Nxe5 Bxe5
16.Be3 Bd7 17.Rxa7 Rxa7 18.Bxa7 Bc6 19.f4 Bc7 20.Qf2 Rd8 21.Bb6 Bxb6 22.Qxb6 h6
23.b4 Rd2 24.Rf2 Rxf2 25.Kxf2 Qh4+ 26.Kf3 f5 27.b5 fxe4+ 28.Ke2 Bd5 29.Nxd5 Qh5+
30.Ke3 Qxd5 31.Qd4 Qxb5 32.b4 h5 33.Qxe4 Kf7 34.g4 hxg4 35.hxg4 Qb6+ 36.Kd3 Qd6+
37.Kc4 Qa6+ 38.Kc5 Ke7 39.b5 b6+ 40.Kd4 Qxb5 41.Qg6 Qb4+ 42.Ke3 Qc3+ 43.Kf2 Qb2+
44.Kf3 b5 45.Qg5+ Kd7 46.Qc5 Qb3+ 47.Kf2 Qc4 48.Qa7+ Qc7 49.Qd4+ Ke8 50.f5 Qh2+
51.Kf1 Qh1+ 52.Kf2 Qh2+ 53.Kf1 Qh1+ 54.Kf2 Qh4+ 55.Kf3 Qe7 56.Qe5 b4 57.Qb5+ Kf7
58.Qc4 Qb7+ 59.Kf4 Qb8+ 60.Kf3 b3 61.Qxe6+ Kf8 62.f6 Qb7+ 63.Ke2 g6 64.Qe3 Kf7
65.Qh6 Qe4+ 66.Kf2 Qd4+ 67.Kg3 Qc3+ 68.Kg2 Qxf6 69.Qe3 b2 70.Qb3+ Kg7 71.Kg3 Qe5+
72.Kh3 Qd4 73.Qb7+ Kh6 74.Qb3 Kg5 75.Qb5+ Kf4 76.Qf1+ Ke4 77.Qh1+ Kd3 78.Qf1+ Kc3
79.Qe1+ Kc2 80.Qe2+ Qd2  0-1

[Event "Ubeda op"]
[Site "Ubeda"]
[Date "1997.??.??"]
[Round "4"]
[White "Stojanovic, Mihajlo"]
[Black "Filippov, Valerij"]
[Result "1-0"]
[WhiteElo "2445"]
[BlackElo "2510"]

1.d4 d5 2.c4 c6 3.Nc3 Nf6 4.e3 e6 5.Nf3 Nbd7 6.Qc2 Bd6 7.Bd3 O-O 8.O-O dxc4
9.Bxc4 e5 10.Bd2 Qe7 11.Bb3 b6 12.Nh4 g6 13.dxe5 Nxe5 14.f4 Neg4 15.Rae1 Bc5
16.h3 Nxe3 17.Bxe3 Bxe3+ 18.Kh1 Nd5 19.Nxg6 hxg6 20.Bxd5 Bf5 21.Be4 Bxe4
22.Nxe4 Bd4 23.f5 c5 24.fxg6 fxg6 25.Nf6+ Qxf6 26.Rxf6 Rxf6 27.Qc4+ Kh8 28.Re6 Raf8
29.Rxf6 Rxf6 30.b3 Kg7 31.a4 g5 32.Qd5 Kh6 33.Kh2 a5 34.g4 Rf2+ 35.Kg3 Rf6
36.Qd8 Kg7 37.Qe7+ Kg6 38.Qe8+ Kg7 39.Qd7+ Kg6 40.Qe8+ Kg7 41.Qe2 Kf7 42.Qc2 Kg7
43.Kg2 Rf4 44.Qe2 Kf7 45.Qc4+ Kg7 46.Qd5 Kh6 47.Qd8 c4 48.bxc4 Kg6 49.Qe8+ Kf6
50.Qh8+ Ke7 51.Qh7+ Kd6 52.Qg8 Ke5 53.Qxg5+ Ke4 54.Qd5+ Ke3 55.g5 Ke2 56.g6  1-0

[Event "Ubeda op"]
[Site "Ubeda"]
[Date "1997.??.??"]
[Round "6"]
[White "Fridman, Daniel"]
[Black "Korneev, Oleg"]
[Result "0-1"]
[WhiteElo "2490"]
[BlackElo "2590"]

1.Nf3 d5 2.d4 Nf6 3.c4 e6 4.Nc3 c6 5.e3 Nbd7 6.Qc2 Bd6 7.Bd3 O-O 8.O-O dxc4
9.Bxc4 Qe7 10.Bd2 a6 11.h3 c5 12.a4 b6 13.dxc5 Bxc5 14.e4 Bd6 15.Rae1 Ne5
16.Nxe5 Bxe5 17.Be3 Bb7 18.Bd3 Bc7 19.f4 e5 20.f5 Rfd8 21.Rd1 h6 22.Bf2 Rd7
23.Qe2 Rad8 24.Bh4 Bd6 25.Bxa6 Bc5+ 26.Kh1 Rxd1 27.Nxd1 Bxa6 28.Qxa6 Rd2
29.Nc3 Qd6 30.Bxf6 Qxf6 31.Rd1 Qh4 32.Qf1 Rxb2 33.Nd5 Qxe4 34.Qf3 Qxf3 35.gxf3 Ra2
36.f6 Rxa4 37.Ne7+ Kh7 38.Rd7 gxf6  0-1

[Event "Ubeda op"]
[Site "Ubeda"]
[Date "1997.??.??"]
[Round "7"]
[White "Gamundi, Antonio"]
[Black "Buturin, Vladimir"]
[Result "1-0"]
[WhiteElo "2440"]
[BlackElo "2465"]

1.c4 c6 2.d4 d5 3.Nc3 e6 4.e3 Nf6 5.Nf3 Nbd7 6.Bd3 dxc4 7.Bxc4 b5 8.Bd3 Bb7
9.O-O a6 10.e4 c5 11.d5 c4 12.dxe6 fxe6 13.Bc2 Nc5 14.Qe2 Be7 15.Ng5 e5 16.f4 Nd3
17.fxe5 Nxe5 18.Kh1 Bc8 19.Bf4 Bd6 20.a4 Bg4 21.Qe3 h6 22.Nf3 Bxf3 23.gxf3 b4
24.Rad1 Qd7 25.Nd5 Nxd5 26.exd5 O-O 27.Bg3 Rae8 28.Qe4 Rf6 29.Rde1 Kf8 30.f4 Nd3
31.Bxd3 cxd3 32.Qxd3 Qf7 33.Rxe8+ Qxe8 34.Re1 Qxa4 35.b3 Qb5 36.Qe4 Qd7 37.Kg2 Rf7
38.Qe6 Re7 39.Qxd7 Rxd7 40.Kf3 Bc5 41.Rd1 a5 42.f5 Bd6 43.Bxd6+ Rxd6 44.Ke4 a4
45.bxa4 Ra6 46.Ra1 Ra5 47.Ke5 Ke7 48.Rg1 Kf7 49.Rc1 Ra7 50.Rc5 b3 51.Rb5 Rxa4
52.Rb7+ Ke8 53.Rxb3 Ra2 54.Rb8+ Kf7 55.Rb7+ Kf8 56.d6 Re2+ 57.Kd5 Rd2+ 58.Ke6 Re2+
59.Kd7 Rxh2 60.Rb6 Rc2 61.Rc6 Rd2 62.Kd8 h5 63.d7 h4 64.Kc7 h3 65.Rd6 Rc2+
66.Kb6 Rb2+ 67.Kc5  1-0

[Event "Ubeda op"]
[Site "Ubeda"]
[Date "1997.??.??"]
[Round "8"]
[White "Izeta Txabarri, Felix"]
[Black "Piankov, Evgenij"]
[Result "1-0"]
[WhiteElo "2490"]
[BlackElo "2410"]

1.d4 d5 2.c4 c6 3.Nf3 Nf6 4.Nc3 e6 5.e3 Nbd7 6.Bd3 dxc4 7.Bxc4 b5 8.Bd3 Bb7
9.O-O a6 10.a4 b4 11.Ne4 c5 12.Nxf6+ Nxf6 13.Qe2 cxd4 14.Nxd4 Be7 15.Rd1 O-O
16.Nf3 Qa5 17.e4 Rfd8 18.Bf4 Nd7 19.Nd2 e5 20.Nc4 Qc7 21.Bg3 f6 22.Ne3 Kh8
23.Nd5 Bxd5 24.exd5 Nc5 25.Rac1 Qa5 26.Bb1 Bf8 27.Qh5 h6 28.Qf5 Kg8 29.Qh7+ Kf7
30.Qg6+ Kg8 31.Qh7+ Kf7 32.Bg6+ Ke7 33.Qg8 Kd6 34.f4 Ra7 35.fxe5+ fxe5 36.Rf1 Qb6
37.a5 Qb8 38.Bf2 Rc7 39.Bxc5+ Rxc5 40.Qe6+ Kc7 41.Rf7+  1-0

[Event "Ubeda"]
[Site "Ubeda"]
[Date "1997.??.??"]
[Round "8"]
[White "Timman, Jan H"]
[Black "Akopian, Vladimir"]
[Result "1/2-1/2"]
[WhiteElo "2630"]
[BlackElo "2655"]

1.d4 d5 2.c4 c6 3.Nc3 Nf6 4.e3 e6 5.Nf3 Nbd7 6.Qc2 Bd6 7.Bd3 dxc4 8.Bxc4 O-O
9.O-O Qe7 10.a3 e5 11.h3 Bb8 12.Ba2 h6 13.Nh4 Rd8 14.Nf5 Qe8 15.Bd2 Nf8 16.Rfd1 exd4
17.Nxd4 Qe5 18.f4 Qe7 19.Re1 a5 20.Rad1 Ba7 21.Na4 Bxd4 22.exd4 Qc7 23.f5 Rxd4
24.Bc3 Rxd1 25.Rxd1 Nd5 26.Bxd5 cxd5 27.Qf2 Ra6 28.Rxd5 Nd7 29.Nc5 Nxc5 30.Rxc5 Rc6
31.Qd4 f6 32.Bxa5 Qe7 33.Rxc6 bxc6 34.g4 Kh7 35.Bb4 Qe2 36.Qd2 Qf3 37.Qg2 Qe3+
38.Kh2 c5 39.Bc3 Ba6 40.Qg3 Qe2+ 41.Qg2  1/2-1/2

[Event "Vantaa We Remi"]
[Site "Vantaa"]
[Date "1997.??.??"]
[Round "2"]
[White "Sammalvuo, Tapani"]
[Black "Penttinen, Jarkko"]
[Result "1-0"]
[WhiteElo "2375"]
[BlackElo "2285"]

1.d4 d5 2.c4 e6 3.Nc3 c6 4.e3 Nf6 5.Nf3 Nbd7 6.Qc2 Be7 7.Be2 dxc4 8.a4 a5
9.Bxc4 Nb6 10.Be2 Nbd5 11.e4 Nb4 12.Qb3 O-O 13.Bg5 h6 14.Bh4 b6 15.O-O Ba6
16.Bxa6 Rxa6 17.Qc4 Ra8 18.Ne5 Qc7 19.Rac1 Rac8 20.Qe2 Qb7 21.Nc4 Qa6 22.e5 Nfd5
23.Bxe7 Nxe7 24.Ne4 Nf5 25.Qg4 Rcd8 26.Ncd6 Nxd6 27.Nxd6 Qa7 28.Qg3 Qe7 29.f4 Kh7
30.f5 exf5 31.Qxg7+ Kxg7 32.Nxf5+ Kh7 33.Nxe7 c5 34.dxc5 Rd7 35.Nf5 Nd3 36.Rc3 Nxc5
37.Rh3 Re8 38.Nxh6 Kg7 39.Nf5+ Kg8 40.Nh6+ Kg7 41.Nf5+ Kg8 42.Rg3+ Kf8 43.Nh6 Nxa4
44.Rg8+ Ke7 45.Rxf7+ Kd8  1-0

[Event "Verona op"]
[Site "Verona"]
[Date "1997.??.??"]
[Round "3"]
[White "Ortega, Lexy"]
[Black "Lagrotteria, Salvatore"]
[Result "1-0"]
[WhiteElo "2460"]
[BlackElo "2215"]

1.d4 d5 2.c4 c6 3.Nf3 Nf6 4.Nc3 e6 5.e3 Nbd7 6.Qc2 Bd6 7.Bd3 O-O 8.O-O dxc4
9.Bxc4 e5 10.Bb3 Qe7 11.h3 Kh8 12.Bd2 Nb6 13.dxe5 Bxe5 14.Nxe5 Qxe5 15.f4 Qc5
16.f5 a5 17.a4 Nbd7 18.Ne4 Qxc2 19.Bxc2 Nxe4 20.Bxe4 Nc5 21.Bc2 b6 22.b4 Nd7
23.bxa5 bxa5 24.Bc3 Nb6 25.e4 f6 26.Rfd1 Nc4 27.Kf2 h6 28.g4 Re8 29.h4 Ba6
30.g5 Ne5 31.gxf6 gxf6 32.Rd6 Ng4+ 33.Kf3 h5 34.Bxf6+ Kg8 35.Bc3 Bc4 36.Rb1 Rab8
37.Rxb8 Rxb8 38.Rxc6 Bb3 39.Bxb3+ Rxb3 40.Kf4 Ra3 41.f6 Rxa4 42.Kf5  1-0

[Event "Verona op"]
[Site "Verona"]
[Date "1997.??.??"]
[Round "7"]
[White "Ortega, Lexy"]
[Black "Braghetta, Sergio"]
[Result "1-0"]
[WhiteElo "2460"]
[BlackElo "2195"]

1.d4 d5 2.c4 c6 3.Nc3 Nf6 4.Nf3 e6 5.e3 Nbd7 6.Qc2 Bd6 7.Bd3 O-O 8.O-O Qe7
9.h3 Re8 10.a3 h6 11.e4 dxc4 12.Bxc4 e5 13.Re1 a6 14.Ba2 exd4 15.Nxd4 Nf8
16.f4 Bc5 17.Be3 Nxe4 18.Nxe4  1-0

[Event "AUT-chT qual"]
[Site "Vienna"]
[Date "1997.??.??"]
[Round "2"]
[White "Pingitzer, Harald"]
[Black "Reschun, Sascha"]
[Result "1/2-1/2"]
[WhiteElo "2260"]
[BlackElo "2235"]

1.Nf3 d5 2.d4 Nf6 3.c4 e6 4.Nc3 c6 5.e3 Nbd7 6.Bd3 Be7 7.O-O dxc4 8.Bxc4 b5
9.Bd3 Bb7 10.e4 b4 11.Na4 Qa5 12.Re1 Rc8 13.b3 O-O 14.Bg5 h6 15.Bh4 Rfd8
16.Qe2 Nf8 17.Rac1 Ng6 18.Bg3 Nd7 19.Red1 e5 20.dxe5 Ndxe5 21.Nxe5 Nxe5 22.Qh5 g5
23.Bf1 Ng6 24.Qxh6 Rxd1 25.Rxd1 Rd8 26.Qh5 c5 27.e5 Kg7 28.Bd3 Bc6 29.e6 c4
30.Bxc4 f5 31.f4 gxf4 32.Rxd8 Qxd8 33.Bf2 f3 34.gxf3 Qd1+ 35.Bf1 Bb5 36.Qh3 Nf4
37.Qg3+ Kf8 38.Be1 Bxf1 39.Kxf1 Qe2+ 40.Kg1 Qe3+ 41.Kh1 Nd3 42.Qb8+ Kg7 43.Bg3 Qxf3+
44.Kg1 Qe3+ 45.Kf1 f4 46.Qc7 Qxe6 47.Bh4 Qh3+ 48.Ke2 Qe3+ 49.Kd1 Qf3+ 50.Kd2 Qe3+
51.Kd1 Qf3+ 52.Kd2  1/2-1/2

[Event "AUT-chT qual"]
[Site "Vienna"]
[Date "1997.??.??"]
[Round "3"]
[White "Duer, Werner"]
[Black "Pingitzer, Harald"]
[Result "1/2-1/2"]
[WhiteElo "2295"]
[BlackElo "2260"]

1.d4 c6 2.Nf3 d5 3.c4 e6 4.e3 Nf6 5.Nc3 Nbd7 6.Bd3 dxc4 7.Bxc4 b5 8.Bd3 Bb7
9.e4 b4 10.Na4 c5 11.e5 Nd5 12.O-O cxd4 13.Re1  1/2-1/2

[Event "CHI-ch"]
[Site "Vina del Mar"]
[Date "1997.??.??"]
[Round "11"]
[White "Valenzuela, Luis"]
[Black "Correa, Jaime"]
[Result "1-0"]
[WhiteElo "2355"]
[BlackElo "2250"]

1.d4 d5 2.c4 c6 3.Nc3 Nf6 4.e3 e6 5.Nf3 Nbd7 6.Qc2 Bd6 7.Bd3 Qe7 8.O-O O-O
9.Bd2 dxc4 10.Bxc4 e5 11.Bb3 Kh8 12.h3 h6 13.Nh4 g6 14.dxe5 Qxe5 15.Nf3 Qh5
16.Ne4 Be7 17.Bc3 Kh7 18.Rad1 Qf5 19.Nd6 Qxc2 20.Bxc2 Nc5 21.b4 Nd5 22.Rxd5 cxd5
23.bxc5 b6 24.Nxc8 Raxc8 25.Bb3 Rfd8 26.c6 Rxc6 27.Bd4 Bc5 28.Rd1 Bxd4 29.Nxd4 Rcd6
30.Rc1 Kg7 31.Kf1 a6 32.Ke2 R8d7 33.Kd3 f5 34.Rc8 Kf6 35.Nc6 g5 36.Nb8 Rd8
37.Rxd8 Rxd8 38.Nxa6 Ke5 39.Nb4 Rd6 40.Ba4 f4 41.Nc6+ Kf5 42.Kd4 fxe3 43.fxe3 g4
44.h4 g3 45.Ne5 Kf6 46.Bc2 Rd8 47.Ng4+ Ke6 48.Nxh6 Rh8 49.Nf5 Rc8 50.Bd3 Ra8
51.Bb1 Ra4+ 52.Kc3 Rc4+ 53.Kb3 Rc1 54.Bd3 Rg1 55.Nxg3 Rxg2 56.Nf5 Rh2 57.h5 Ke5
58.h6 Ke6 59.h7  1-0

[Event "Volgograd"]
[Site "Volgograd"]
[Date "1997.??.??"]
[Round "3"]
[White "Panchenko, Alexander N"]
[Black "Fedorkov, Vladislav"]
[Result "1-0"]
[WhiteElo "2425"]
[BlackElo "2320"]

1.Nf3 Nf6 2.c4 c6 3.Nc3 d5 4.e3 e6 5.d4 Be7 6.Bd3 O-O 7.O-O Nbd7 8.e4 dxe4
9.Nxe4 Nxe4 10.Bxe4 Nf6 11.Bc2 c5 12.dxc5 Bxc5 13.Qe2 h6 14.Bf4 Qe7 15.Rad1 b6
16.Ne5 Bb7 17.Rd2 Rad8 18.Rfd1 Rxd2 19.Rxd2 Rd8 20.b3 Rxd2 21.Bxd2 Qd6 22.Bc3 Kf8
23.Kf1 Bd4 24.Qd2 Qxe5 25.Qxd4 Qxd4 26.Bxd4 Ke7 27.f3 g6 28.Ke2 Nd7 29.h4 g5
30.h5 f6 31.b4 e5 32.Be3 Ke6 33.Bb3 Kd6 34.Bc2 Ke6 35.a4 f5 36.g4 f4 37.Bf5+ Kd6
38.Bf2 Nf6 39.c5+ bxc5 40.Bxc5+ Kc7 41.Bxa7 e4 42.fxe4 Bxe4 43.Bxe4 Nxe4
44.Bd4 Nd6 45.Bg7 Nf7 46.Kf3 Kb7 47.Ke4 Kc6 48.Bf8 Nd6+ 49.Kd3 Nf7 50.Bg7 Kd5
51.a5 Kc6 52.a6 Kb6 53.b5 Kc7 54.Bd4 Kb8 55.b6 Ka8 56.Ke4 Kb8 57.Kd5 Kc8
58.b7+ Kb8 59.Kc6 Nd8+ 60.Kb6  1-0

[Event "Walsall op"]
[Site "Walsall"]
[Date "1997.??.??"]
[Round "1"]
[White "Anderton, David W"]
[Black "Kelly, Bryan"]
[Result "0-1"]
[WhiteElo "2200"]
[BlackElo "2400"]

1.d4 d5 2.c4 e6 3.Nc3 c6 4.e3 Nf6 5.Nf3 Nbd7 6.Qc2 Bd6 7.b3 O-O 8.Be2 b6
9.O-O Bb7 10.e4 dxe4 11.Nxe4 Nxe4 12.Qxe4 Qe7 13.Bg5 Nf6 14.Qh4 h6 15.Be3 c5
16.Ne5 Rad8 17.Rfd1 cxd4 18.Bxd4 Qc7 19.Ng4 Nxg4 20.Bxg4 f5 21.Be2 e5 22.Bb2 Rde8
23.a3 a5 24.Bh5 Re6 25.Rd2 Be7 26.Qh3 Bg5 27.Re2 e4 28.g3 Qc6 29.Re3 Bxe3
30.fxe3 Rd6 31.Be5 Rd3 32.Rf1 Qc5 33.Bd4 Rxd4 34.exd4 Qxd4+ 35.Rf2 e3 36.Re2 Qe4
37.Qg2 Qxg2+ 38.Rxg2 Bxg2 39.Kxg2 Rd8 40.Be2 Rd2  0-1

[Event "Warsaw-ch"]
[Site "Warsaw"]
[Date "1997.??.??"]
[Round "2"]
[White "Staniszewski, Piotr"]
[Black "Kaczorowska, Barbara"]
[Result "1-0"]
[WhiteElo "2440"]
[BlackElo "2175"]

1.d4 d5 2.c4 c6 3.Nc3 Nf6 4.e3 e6 5.Nf3 Nbd7 6.Qc2 Be7 7.Bd3 O-O 8.O-O Qc7
9.e4 dxe4 10.Nxe4 Nxe4 11.Bxe4 Nf6 12.Bd3 c5 13.dxc5 Qxc5 14.b3 b6 15.Bb2 Qh5
16.Rfe1 Bd6 17.Rad1 Bb7 18.Bxf6 gxf6 19.Bxh7+ Qxh7 20.Qxh7+ Kxh7 21.Rxd6 Bxf3
22.gxf3 Rg8+ 23.Kf1 Rg5 24.Rd7 Kg6 25.Re4 f5 26.Red4 Rh5 27.Rd8 Rxd8 28.Rxd8 f4
29.Rd7 Ra5 30.a4 f5 31.Ke2 Re5+ 32.Kd2 Ra5 33.Kd3 Kf6 34.h4 Kg6 35.Kd4 Kf6
36.h5 Kg5 37.Re7 Kf6 38.h6 e5+ 39.Kd3 e4+ 40.Ke2  1-0

[Event "Warsaw-ch"]
[Site "Warsaw"]
[Date "1997.??.??"]
[Round "5"]
[White "Kaczorowski, Piotr"]
[Black "Kaliszewski, Tomasz"]
[Result "1-0"]
[WhiteElo "2240"]
[BlackElo "2190"]

1.d4 d5 2.c4 e6 3.Nc3 c6 4.e3 Nf6 5.Nf3 Nbd7 6.Bd3 dxc4 7.Bxc4 b5 8.Bd3 Bb7
9.O-O b4 10.Na4 Bd6 11.e4 e5 12.dxe5 Nxe5 13.Nxe5 Bxe5 14.Be3 O-O 15.Bc5 Bd6
16.e5 Bxe5 17.Bxf8 Qxf8 18.Qf3 Rd8 19.Rad1 Bd4 20.Rfe1 Rd7 21.Qh3 g6 22.b3 c5
23.Bb5 Rd6 24.Rd2 Ne4 25.Rde2 Re6 26.Kf1 Qe7 27.Rd1 Qf6 28.f3 Ng5 29.Rxe6 fxe6
30.Qg3 e5 31.Bc4+ Kg7 32.Nxc5 Bxf3 33.gxf3 Bxc5 34.Rd7+ Kf8 35.h4 Ne4 36.Qg4 Nd6
37.Rxh7 e4 38.Kg2 Qb2+ 39.Kg3 Qc2 40.Qf4+ Ke8 41.Qe5+  1-0